书目信息 |
| 题名: |
BIM建模
|
|
| 作者: | 张志远 主编 | |
| 分册: | ||
| 出版信息: | 北京 中国建筑工业出版社 2016.12 |
|
| 页数: | 120页 | |
| 开本: | 26cm | |
| 丛书名: | ||
| 单 册: | ||
| 中图分类: | TU201.4 | |
| 科图分类: | ||
| 主题词: | 建筑设计--计算机辅助设计--应用软件--技术培训--教材 | |
| 电子资源: | ||
| ISBN: | 978-7-112-19956-3 | |
| 000 | 00893nam0 2200241 450 | |
| 001 | 0100003900 | |
| 005 | 20190308100352.86 | |
| 010 | @a978-7-112-19956-3@dCNY25.00 | |
| 100 | @a20170111d2016 em y0chiy50 ea | |
| 101 | 0 | @achi |
| 102 | @aCN@b110000 | |
| 105 | @aak z 000yy | |
| 200 | 1 | @aBIM建模@ABIM jian mo@f中国建设教育协会组织编写 |
| 210 | @a北京@c中国建筑工业出版社@d2016.12 | |
| 215 | @a120页@c图@d26cm | |
| 300 | @a全国BIM应用技能考试培训教材 | |
| 314 | @a主编:张志远 | |
| 330 | @a本书以工程为例介绍建模的基本方法,着重提高应试者BIM建模的实际操作能力。全书共分为6部分,主要内容为:BIM基础知识,BIM建模软件及建模环境,BIM建模方法,标记、标注与注释,成果输出和试题样例。 | |
| 606 | 0 | @a建筑设计@x计算机辅助设计@x应用软件@x技术培训@j教材 |
| 690 | @aTU201.4@v5 | |
| 701 | 0 | @a张志远@Azhang zhi yuan@4主编 |
| 801 | 0 | @aCN@c20171024 |
| 905 | @a河南城建学院图书馆@dTU201.4@eZ258 | |
| BIM建模/中国建设教育协会组织编写.-北京:中国建筑工业出版社,2016.12 |
| 120页:图;26cm |
| 全国BIM应用技能考试培训教材 |
| ISBN 978-7-112-19956-3:CNY25.00 |
| 本书以工程为例介绍建模的基本方法,着重提高应试者BIM建模的实际操作能力。全书共分为6部分,主要内容为:BIM基础知识,BIM建模软件及建模环境,BIM建模方法,标记、标注与注释,成果输出和试题样例。 |
| ● |
| 相关链接 |
|
|
|
正题名:BIM建模
索取号:TU201.4/Z258
 
预约/预借
| 序号 | 登录号 | 条形码 | 馆藏地/架位号 | 状态 | 备注 |
| 1 | 1243807 | 212438076 | 建筑库101/101建筑库 37排1列2层/ [索取号:TU201.4/Z258] | 在馆 | |
| 2 | 1338232 | 213382329 | 建筑库101/101建筑库 37排1列2层/ [索取号:TU201.4/Z258] | 在馆 | |
| 3 | 1338233 | 213382338 | 建筑库101/101建筑库 37排1列2层/ [索取号:TU201.4/Z258] | 在馆 |